000 00926nam a22003617a 4500
001 BR2016003720
003 BR-BrBNA
005 20230928104949.0
007 ta
008 230509b bl.||||| |||| 00| 0 por d
040 _aBR-BrBNA
_bpor
_cBiblioteca Nacional de Agricultura
041 _a(Por)
072 _aF50
090 _ F50 BR2016003720
100 1 _aSouza, V.C.
100 1 _aFlores, T.B.
100 1 _aLorenzi, H.
110 1 _aInstituto Plantarum de Estudos da Flora, Nova Odessa, SP (Brasil)
_96564
245 1 _aIntrodução a botânica: morfologia
260 3 _aNova Odessa, SP (Brasil):
_c2013.
300 _a224 p.
500 _a375 illus
650 _aMORFOLOGIA VEGETAL
650 _aBOTÂNICA
650 _aRAIZ
650 _aCAULE
650 _aFOLHA
650 _aFLOR
650 _aINFLORESCÊNCIA
650 _aFRUTO
909 _a202309
_bLucia
_c55
_dLucia Elande
942 _cBK
999 _c82672
_d82672